01299nab a22002537a 4500999001500000003000400015005001700019008004100036040000700077100002600084245011000110260007300220300001500293500007300308505015600381505013100537505008900668650003500757650002800792650003300820650003900853773014000892942001301032 c6344d6344OSt20260130221237.0190603e xxum|||| |||| 00| 0 spa d cPJ 94771aBaltar, Leandro10aUniones convivenciales y justicia transfronteriza : banálisis de un caso argentino /cLeandro Baltar.  cCiudad Autónoma de Buenos Aires :aThomson Reuters La Ley, b2025. ap. 287-298 aCita: TR LALEY AR/DOC/2244/2025 Publicado en: RCCyC 2025 (Octubre). aSumario: I. Introducción.— II. Las uniones convivenciales como un modo de crear una familia.— III. Un caso para reflexionar.— IV. Reflexiones.  aFallo comentado: CNCiv., sala H ~ 12/06/2025 ~ M. R., C. I. c. M. A., A. s/ fijación de compensación arts. 524, 525 CCCN. t¿Te interesa el texto completo? Solicitalo al correo: koha@justierradelfuego.gov.ar 091497aCODIGO CIVIL Y COMERCIAL 09967aDERECHO DE FAMILIA 091053aUNIONES CONVIVENCIALES 0aDERECHO INTERNACIONAL PRIVADO93270 0271393170dCiudad Autónoma de Buenos Aires : Thomson Reuters La Ley, 2015-tRevista Código Civil y Comercial. Nº 5 - Octubre 2025 2udccANA